LEADER 01247naa a2200253 i 4500
001 acta68718
005 20250124105446.0
008 250121s1995 hu o 000 eng d
022 |a 0230-2780 
040 |a SZTE Egyetemi Kiadványok Repozitórium  |b hun 
041 |a eng 
100 1 |a Drew Rani 
245 1 4 |a The III-act Hamlet   |h [elektronikus dokumentum] :  |b feminist reconstruction of Shakespeare's Hamlet /  |c  Drew Rani 
260 |c 1995 
300 |a 287-303 
490 0 |a Acta Universitatis Szegediensis de Attila József nominatae : papers in english and american studies  |v 6 
490 0 |a Papers in English and American studies : Tomus VI. - HUSSE papers 1995 : a selection from the papers read at the Second Conference of the Hungarian Society for the Study of English, Szeged, 26-28 January, 1995  |v 6 
650 4 |a Bölcsészettudományok 
650 4 |a Nyelvek és irodalom 
650 4 |a Művészetek (művészetek, művészettörténet, előadóművészetek, zene) 
650 4 |a Előadóművészet (zene, színháztudomány, dramaturgia) 
695 |a Színházművészet - magyar, Feminizmus, Angol irodalom - dráma 
700 0 1 |a Shakespeare William 
856 4 0 |u http://acta.bibl.u-szeged.hu/68718/1/papers_006_287-303.pdf  |z Dokumentum-elérés